Top 20 Most Famous Men's Golf Champions - Statistics

General Stats
  • This quiz has been taken 2,529 times
  • The average score is 11 of 20
Answer Stats
% Player % Correct
100 Tiger Woods
100%
77 Jack Nicklaus
86%
73 Arnold Palmer
82%
80 Phil Mickelson
74%
69 Rory McIlroy
72%
52 Gary Player
71%
77 Bubba & Tom Watson
66%
50 Nick Faldo
54%
50 Greg Norman
52%
38 Ben Hogan
49%
46 Zach Johnson
47%
58 Ernie Els
45%
37 Lee Trevino
44%
51 Vijay Singh
44%
45 Seve Ballesteros
43%
56 Adam Scott
32%
39 Fred Couples
31%
41 John Daly
31%
40 Justin Rose
26%
41 Angel Cabrera
10%
No matching quizzes found
Score Distribution
Percent of People with Each Score
Percentile by Number Answered
Your Score History
You have not taken this quiz